All Incorporated Municipalities of Ulster County, New York - Statistics

General Stats
  • This quiz has been taken 20 times
  • The average score is 14 of 24
Answer Stats
Answer % Correct
Kingston
100%
Kingston
100%
New Paltz
100%
New Paltz
100%
Woodstock
89%
Ulster
78%
Marlborough
67%
Saugerties
67%
Saugerties
67%
Hurley
56%
Olive
56%
Shandaken
56%
Denning
44%
Ellenville
44%
Esopus
44%
Lloyd
44%
Marbletown
44%
Rochester
44%
Rosendale
44%
Shawangunk
44%
Wawarsing
44%
Gardiner
33%
Hardenburgh
33%
Plattekill
33%
No matching quizzes found
Score Distribution
Percent of People with Each Score
Percentile by Number Answered
Your Score History
You have not taken this quiz